000 00611nam a2200229Ia 4500
003 OSt
005 20221005121558.0
006 a|||||r|||| 00| 0
007 ta
008 221004b |||||||| |||| 00| 0 eng d
024 _a56055
037 _cTextual
040 _aCRL
_cCRL
_beng
041 _2eng
_aeng
082 _aV2:1:K, J3-;1
100 _aElliot H M
245 0 _aHistory of India
_b As told by its own historian, the Mohammadan period, ed by John Dowson.
260 _c1953
650 _aHISTORY
942 _hV2:1:K, J3-;1
_cTEXL
_2cc
999 _c1041606
_d1041606